Geography Quiz

Random Geography or City Quiz

European Capitals of Culture Quiz Stats

 Plays Quiz not verified by Sporcle

Challenge
Share
Tweet
Embed
Score 0/42 Timer 10:00
0 Plays Today
Year European Capital of Culture city % Correct
1989Paris
91.6%
1988Berlin
83.8%
1992Madrid
83.8%
1998Stockholm
72.1%
1987Amsterdam
70.7%
1991Dublin
68%
1985Athens
67%
1994Lisbon
66.3%
2000Prague
66%
1996Copenhagen
62%
2000Brussels
61.6%
2000Helsinki
61.3%
1986Florence
48.8%
2010Istanbul
48.5%
2008Liverpool
45.1%
1990Glasgow
44.8%
2000Krakow
39.1%
2009Vilnius
32.3%
1995Luxembourg
32%
2001Rotterdam
32%
2007Luxembourg
32%
Year European Capital of Culture city % Correct
1993Antwerp
29.3%
2001Porto
27.9%
2000Reykjavik
27.6%
2005Cork
20.5%
2004Genoa
17.2%
2003Graz
16.5%
2010Essen
16.2%
1997Thessaloniki
15.5%
2004Lille
15.2%
2000Bologna
13.5%
2000Bergen
13.1%
2002Bruges
12.8%
2009Linz
12.5%
2010Pecs
5.7%
2008Stavanger
5.4%
2002Salamanca
5.1%
2007Sibiu
4.4%
2000Avignon
4%
2006Patras
3.7%
1999Weimar
2.7%
2000Santiago de Compostela
2.7%

You're not logged in!

Compare scores with friends on all Sporcle quizzes.
Join for Free
OR
Log In

You Might Also Like...

Show Comments

Extras

Top Quizzes Today


Score Distribution

Your Account Isn't Verified!

In order to create a playlist on Sporcle, you need to verify the email address you used during registration. Go to your Sporcle Settings to finish the process.

Report this User

Report this user for behavior that violates our Community Guidelines.

Details: